Statistics for Former North American Sports Team Logos

Click here to take the quiz!

General Stats

  • This quiz has been taken 214 times
  • The average score is 11 of 20

Answer Stats

Answer% Correct
{Seattle} {SuperSonics}
87%
{Baltimore} {Colts}
82%
{San} {Diego} {Chargers}
81%
{Houston} {Oilers}
78%
{Winnipeg} {Jets}
77%
{Hartford} {Whalers}
68%
{Charlotte} {Bobcats}
66%
{Montreal} {Expos}
64%
{Minnesota} {North} {Stars}
61%
{Vancouver} {Grizzlies}
57%
{Atlanta} {Thrashers}
51%
{Brooklyn} {Dodgers}
50%
{Colorado} {Rockies}
47%
{Quebec} {Nordiques}
47%
{California} {Golden} {Seals}
29%
{Buffalo} {Braves}
24%
{Seattle} {Pilots}
24%
{Kansas} {City} {Athletics}
23%
{San} {Diego} {Rockets}
22%
{Kansas} {City} {Scouts}
18%

Score Distribution

Percentile by Number Answered

Percent of People with Each Score

Your Score History

You have not taken this quiz